Many lands many peoples : (Record no. 516982)

000 -LEADER
fixed length control field 00298nam a22000977a 4500
082 ## - DEWEY DECIMAL CLASSIFICATION NUMBER
Classification number TNC D1x54 B859
100 ## - MAIN ENTRY--PERSONAL NAME
Personal name Budhwar, Prem K.
9 (RLIN) 23861
245 ## - TITLE STATEMENT
Title Many lands many peoples :
Remainder of title Recollections and impressions of a diplomat
Statement of responsibility, etc by Prem K. Budhwar
260 ## - PUBLICATION, DISTRIBUTION, ETC. (IMPRINT)
Place of publication, distribution, etc Delhi
Name of publisher, distributor, etc Konark Pub.
Date of publication, distribution, etc 2002
300 ## - PHYSICAL DESCRIPTION
Extent 214p.
Holdings
Withdrawn status Lost status Source of classification or shelving scheme Damaged status Koha normalized classification for sorting Not for loan Permanent location Current location Date acquired Full call number Barcode Date last seen Price effective from Koha item type
        TNC_D1X54_B859   Indian Institute of Public Administration Indian Institute of Public Administration 2021-04-01 TNC D1x54 B859 GR23712 2021-04-01 2021-04-01 GR

Powered by Koha